|
|
|
|
| LEADER |
01429nam a22003017a 4500 |
| 001 |
33940 |
| 003 |
BD-DhAAL |
| 005 |
20181119110555.0 |
| 008 |
181115r20171997bg ||||| |||| 00| 0 ben d |
| 999 |
|
|
|c 40205
|d 40205
|
| 020 |
|
|
|a 9789840419463
|
| 040 |
|
|
|a BD-DhAAL
|
| 041 |
|
|
|a ben
|a eng
|
| 082 |
|
|
|2 22
|a 954.9205092
|
| 245 |
|
|
|a ঊনসত্তরের গণ-আন্দোলন ও বঙ্গবন্ধু /
|c তোফায়েল আহমেদ; অনুলিখন আবু আল সাঈদ
|
| 246 |
|
|
|a Unosattorer gono andolon o bangabondhu
|
| 260 |
|
|
|a ঢাকা :
|b আগামী প্রকাশনী
|c ১৯৯৭ [দ্বিতীয় মুদ্রণ ২০১৭]
|
| 300 |
|
|
|a ৭৮ পৃষ্ঠা ;
|c ২২ সে.মি.
|
| 501 |
|
|
|a গ্রন্থপঞ্জিগত নির্দেশিকা অন্তভূক্ত
|
| 526 |
|
|
|a AAL
|
| 541 |
|
|
|a Boibazar.com
|e 33940
|
| 600 |
|
|
|a Ahmed, Tofail
|d 1943-
|9 28936
|
| 651 |
|
|
|a Bangladesh
|x Politics and government
|9 28942
|
| 651 |
|
|
|a Bangladesh
|x History
|y Revolution, 1971
|9 28943
|
| 700 |
|
|
|a সাঈদ,আবু আল
|9 28937
|
| 852 |
|
|
|a Ayesha Abed Library
|c Bangabandhu Corner
|
| 942 |
|
|
|2 ddc
|c BK
|
| 952 |
|
|
|0 0
|1 0
|2 ddc
|4 0
|6 954_920509200000000_UNO
|7 0
|9 64591
|a BRACUL
|b BRACUL
|c BNC
|d 2018-11-01
|e Boibazar.com
|g 132.00
|l 1
|o 954.9205092 UNO
|p 3010033940
|r 2025-08-26
|s 2025-08-19
|t 1
|v 132.00
|w 2018-11-01
|y BK
|